01388nam a2200349 a 4500001001200000003000800012006001900020007001500039008004100054010001700095020001500112040002100127035002100148050002400169082001400193100001700207245011800224246003500342260004600377300002300423500005700446500002000503533015200523650004700675650003900722650004400761655002900805700004400834710001700878856012600895999001701021ebr10035723CaPaEBRm u cr cn|||||||||030108s2003 caua sf 001 0 eng  z 2003000475 z1593270003 aCaPaEBRcCaPaEBR a(OCoLC)55922052914aHV6773b.W35 2003eb04a306.12211 aWang, Wally.10aSteal this computer book 3h[electronic resource] :bwhat they won't tell you about the Internet /cWallace Wang.3 aSteal this computer book three aSan Francisco :bNo Starch Press,cc2003. axx, 359 p. :bill. aRev. ed. of: Steal this computer book. 2nd ed. 2001. aIncludes index. aElectronic reproduction.bPalo Alto, Calif. :cebrary,d2013.nAvailable via World Wide Web.nAccess may be limited to ebrary affiliated libraries. 0aComputer hackersvHandbooks, manuals, etc. 0aInternetvHandbooks, manuals, etc. 0aSubculturexComputer network resources. 7aElectronic books.2local1 aWang, Wally.tSteal this computer book.2 aebrary, Inc.40uhttp://site.ebrary.com/lib/rucke/Doc?id=10035723zAn electronic book accessible through the World Wide Web; click to view c58986d58986